000 00400nam a2200157Ia 4500
008 230917s9999||||xx |||||||||||||| ||und||
040 _e78538
_aMAIN
041 _aEnglish
082 _a658.3 T737P
100 _aTripathi, P C
245 0 _aPersonnel management and industrial relations
250 _a10th ed.
260 _aNew Delhi
_bSultan Chand
_c1994
300 _axviii, 523 p.
942 _cBK
999 _c84032
_d84032